Team development and leadership / (Record no. 208631)
[ view plain ]
| 000 -LEADER | |
|---|---|
| fixed length control field | 00689nam a2200205Ia 4500 |
| 005 - DATE AND TIME OF LATEST TRANSACTION | |
| control field | 20250603104450.0 |
| 008 - FIXED-LENGTH DATA ELEMENTS--GENERAL INFORMATION | |
| fixed length control field | 210716s2009 xx 000 0 und d |
| 020 ## - INTERNATIONAL STANDARD BOOK NUMBER | |
| International Standard Book Number | 8179924181 |
| 040 ## - CATALOGING SOURCE | |
| Transcribing agency | AIMIT LIBRARY |
| 041 ## - LANGUAGE CODE | |
| Language code of text/sound track or separate title | eng |
| 082 ## - DEWEY DECIMAL CLASSIFICATION NUMBER | |
| Classification number | 658.4092 |
| Edition number | 1 |
| Item number | REDB |
| 100 ## - MAIN ENTRY--PERSONAL NAME | |
| Personal name | Reddy, B Rathan. |
| 9 (RLIN) | 212499 |
| 245 ## - TITLE STATEMENT | |
| Title | Team development and leadership / |
| Statement of responsibility, etc. | By B Rathan Reddy |
| 250 ## - EDITION STATEMENT | |
| Edition statement | 1st ed. |
| 260 ## - PUBLICATION, DISTRIBUTION, ETC. | |
| Place of publication, distribution, etc. | Mumbai : |
| Name of publisher, distributor, etc. | Jaico Publishing House , |
| Date of publication, distribution, etc. | 2009. |
| 300 ## - PHYSICAL DESCRIPTION | |
| Extent | xiv,656p. ; |
| Other physical details | PB |
| Dimensions | 24 cm. |
| 650 ## - SUBJECT ADDED ENTRY--TOPICAL TERM | |
| Topical term or geographic name entry element | Motivation for enhancing employee morale for team building |
| 9 (RLIN) | 212500 |
| 650 ## - SUBJECT ADDED ENTRY--TOPICAL TERM | |
| Topical term or geographic name entry element | Leadership styles and its impact for team building |
| 9 (RLIN) | 212501 |
| 942 ## - ADDED ENTRY ELEMENTS (KOHA) | |
| Source of classification or shelving scheme | Dewey Decimal Classification |
| Koha item type | Book |
| Edition | 1st ed. |
| Call number prefix | 658.4092 REDB |
| Withdrawn status | Lost status | Source of classification or shelving scheme | Damaged status | Not for loan | Collection code | Home library | Current library | Shelving location | Date acquired | Cost, normal purchase price | Inventory number | Total Checkouts | Full call number | Barcode | Date last seen | Date last checked out | Cost, replacement price | Price effective from | Koha item type |
|---|---|---|---|---|---|---|---|---|---|---|---|---|---|---|---|---|---|---|---|
| Dewey Decimal Classification | MBA | St Aloysius Institute of Management & Information Technology | St Aloysius Institute of Management & Information Technology | Leadership | 11/16/2005 | 495.00 | Bill no:6812; Bill dt:2005-11-12 | 1 | 658.4092 REDB | MBA02284 | 05/23/2026 | 06/01/2023 | 371.25 | 07/16/2021 | Book | ||||
| Dewey Decimal Classification | MBA | St Aloysius Institute of Management & Information Technology | St Aloysius Institute of Management & Information Technology | Leadership | 02/02/2010 | 495.00 | Bill no:ABK 438; Bill dt:2009-11 | 658.4092 REDB | MBA07273 | 05/23/2026 | 371.25 | 07/16/2021 | Book | ||||||
| Dewey Decimal Classification | MBA | St Aloysius Institute of Management & Information Technology | St Aloysius Institute of Management & Information Technology | Leadership | 10/08/2014 | 525.00 | Bill no:256; Bill dt:2014-09-20 | 658.4092 REDB | MBA11197 | 05/23/2026 | 420.00 | 07/16/2021 | Book |